000 00603nam a2200241Ia 4500
003 OSt
005 20221005120234.0
006 a|||||r|||| 00| 0
007 ta
008 221004b |||||||| |||| 00| 0 mar d
024 _a40168
037 _cTextual
040 _aCRL
_cCRL
_bmar
041 _2mar
_amar
082 _aB9, 155A32
100 _aPoona
_9628832
245 0 _aDialogues geography and astronomy
300 _a249p.
_ccm.
650 _a MATHEMATICS
650 _aMARATHI LITERATURE
_938000
942 _hB9, 155A32
_cTEXL
_2cc
999 _c1037327
_d1037327